Statistics for Top 50 Shoegaze Albums

Click here to take the quiz!

General Stats

  • This quiz has been taken 103 times
  • The average score is 9 of 50

Answer Stats

ArtistAlbum% Correct
#1: My Bloody ValentineLoveless
92%
#2: SlowdiveSouvlaki
90%
#13: My Bloody Valentinem b v
78%
#10: SlowdiveSlowdive
60%
#3: Have a Nice LifeDeathconsciousness
59%
#4: My Bloody ValentineIsn't Anything
48%
#6: RideNowhere
47%
#7: SlowdiveJust for a Day
34%
#5: Sweet TripVelocity : Design : Comfort
33%
#25: LushSplit
30%
#11: RideGoing Blank Again
25%
#26: SwervedriverMezcal Head
20%
#28: Catherine WheelFerment
18%
#18: Candy ClawsCeres & Calypso in the Deep Time
17%
#37: Have a Nice LifeThe Unnatural World
17%
#20: Catherine WheelChrome
16%
#15: VerveA Storm in Heaven
15%
#43: Bowery ElectricBeat
13%
#16: Soda StereoDynamo
13%
#12: JesuJesu
13%
#33: SwervedriverRaise
13%
#30: Starflyer 59Silver
13%
#19: Kairon; IRSE!Ujubasajuba
11%
#22: Staryflyer 59Starflyer 59
10%
#38: Pale SaintsThe Comforts of Madness
10%
#14: Lift to ExperienceThe Texas-Jerusalem Crossroads
9%
#50: LovesliescrushingXuvetyn
9%
#24: A Place to Bury StrangersExploding Head
8%
#46: Pale SaintsIn Ribbons
8%
#48: The Brian Jonestown MassacreMethodrone
8%
#8: The Angelic ProcessWeighing Souls With Sand
8%
#35: Flying Saucer AttackFlying Saucer Attack
7%
#23: Rollerskate SkinnyHorsedrawn Wishes
6%
#34: Coaltar of the DeepersNo Thank You
6%
#9: AlcestSouvenirs d'un Autre Monde
6%
#17: SwirliesThey Spent Their Wild Youthful Days in the Glittering World of the Salons
6%
#29: Kitchens of DistinctionStrange Free World
5%
#27: Kitchens of DistinctionThe Death of Cool
5%
#36: The GoslingsGrandeur of Hair
3%
#39: SouthpacificConstance
2%
#49: The Boo RadleysEverything's Alright Forever
2%
#41: My VitriolFinelines
2%
#32: AlcestKodama
2%
#21: The HorrorsPrimary Colors
2%
#44: Bardo PondLapsed
1%
#40: Coaltar of the DeepersNewave
1%
#42: Asobi SeksuCircus
0%
#31: Grazhdanskaya OboronaLunar Coup
0%
#47: HammockRaising Your Voice... Trying to Stop an Echo
0%
#45: Grazhdanskaya OboronaSolstice
0%

Score Distribution

Percentile by Number Answered

Percent of People with Each Score

Your Score History

You have not taken this quiz